Resources of the earth : (Registro nro. 15452)

Detalles MARC
000 -LEADER
fixed length control field 01539nam a22002897a 4500
003 - CONTROL NUMBER IDENTIFIER
control field OSt
005 - DATE AND TIME OF LATEST TRANSACTION
control field 20210320114355.0
008 - FIXED-LENGTH DATA ELEMENTS--GENERAL INFORMATION
fixed length control field 210320s1996 eu aodbgr|||| 001 0 eng d
020 ## - INTERNATIONAL STANDARD BOOK NUMBER
International Standard Book Number 0134570294
040 ## - CATALOGING SOURCE
Original cataloging agency CO-JMCR
Transcribing agency CO-JMCR
041 0# - LANGUAGE CODE
Language code of text/sound track or separate title eng
082 04 - DEWEY DECIMAL CLASSIFICATION NUMBER
Classification number 333.7 /
Item number C886r
Edition number 23
100 1# - MAIN ENTRY--PERSONAL NAME
Personal name Craig, James R.,
Relator term autor
9 (RLIN) 36383
245 10 - TITLE STATEMENT
Title Resources of the earth :
Remainder of title origin, use, and environmental impact /
Statement of responsibility, etc. James R. Craig, David J. Vaughan, Brian J. Skinner.
250 ## - EDITION STATEMENT
Edition statement Second Edition
260 ## - PUBLICATION, DISTRIBUTION, ETC.
Place of publication, distribution, etc. New Jersey :
Name of publisher, distributor, etc. Prentice Hall,
Date of publication, distribution, etc. 1996
300 ## - PHYSICAL DESCRIPTION
Extent viii, [8] láminas sin numerar, 472 páginas :
Other physical details ilustraciones, fotografías, gráficas y mapas a color y a blanco y negro ;
Dimensions 28 cm.
500 ## - GENERAL NOTE
General note Incluye glosario e índice alfabético.
505 0# - FORMATTED CONTENTS NOTE
Formatted contents note Minerals: the foundations of society -- The origis of Mineral Resources -- Earth´s Resources Through history -- Environmental impacts of resourse exploitation and use -- Energy from fossil fuets -- Energy for the future nuclear power and other possible alternatives -- Abundant metals -- The geochemically scarce metals -- Fertilizer and chemical minerals -- Building materials and other industrial minerals -- Water resources -- Soil as a resource -- Future resource
650 14 - SUBJECT ADDED ENTRY--TOPICAL TERM
Topical term or geographic name entry element Recursos naturales
9 (RLIN) 308
650 24 - SUBJECT ADDED ENTRY--TOPICAL TERM
Topical term or geographic name entry element Política ambiental
9 (RLIN) 36384
650 24 - SUBJECT ADDED ENTRY--TOPICAL TERM
Topical term or geographic name entry element Conservación de los recursos naturales
9 (RLIN) 36385
650 24 - SUBJECT ADDED ENTRY--TOPICAL TERM
Topical term or geographic name entry element Impacto ambiental
9 (RLIN) 36386
700 1# - ADDED ENTRY--PERSONAL NAME
Personal name Vaughan, David J.,
Relator term autor
9 (RLIN) 36387
700 1# - ADDED ENTRY--PERSONAL NAME
Personal name Skinner, Brian J.,
Relator term autor
9 (RLIN) 36388
942 ## - ADDED ENTRY ELEMENTS (KOHA)
Source of classification or shelving scheme Dewey Decimal Classification
Koha item type Books
Existencias
Withdrawn status Lost status Source of classification or shelving scheme Damaged status Not for loan Collection code Home library Current library Date acquired Source of acquisition Total Checkouts Full call number Barcode Date last seen Copy number Price effective from Koha item type
    Dewey Decimal Classification     Non-fiction Biblioteca Pública José María del Castillo y Rada Biblioteca Pública José María del Castillo y Rada 10/02/2020 Donación   333.7 / C886r 201810915 05/16/2024 $0 03/20/2021 Books